000 00465nam a22001817a 4500
003 CEME
005 20210628202351.0
008 210302b xxu||||| |||| 00| 0 eng d
020 _a0-8247-8905-9
040 _c.
082 _a621.89 MIY
100 _aMiyoshi, Kazuhisa
_959577
245 _aSolid lubrication fundamentals and applications
260 _aNEW YORK
_bMARCEL DEKKER
_c2001
300 _aXII,397P
650 _aLUBRICANTS
_959578
942 _cBK
_2ddc
999 _c569521
_d569521